| 000 | 00461nam a22001577a 4500 | ||
|---|---|---|---|
| 003 | CO-ViMGA | ||
| 008 | 151224b xxu||||| |||| 00| 0 eng d | ||
| 020 | _a7707229981266 | ||
| 040 |
_aCO-ViMGA _bspa _cCO-ViMGA |
||
| 082 | 0 | 4 |
_a759.6 _bM87y |
| 245 | 1 | 0 |
_a¡Yo, el rey! : el minotauro del siglo XX : _bPicasso en Bogotá / |
| 260 |
_aBogotá : _bMuseo Nacional de Colombia, _c2000. |
||
| 300 |
_a35 p. _bil. _e15 cm. |
||
| 650 | 1 | 4 |
_aPintura _92306 |
| 942 |
_2ddc _cBK |
||
| 999 |
_c10357 _d10357 |
||